¿A dónde van los valores? : Coloquios del Siglo XXI /

Obra que reúne las reflexiones que se presentaron en septiembre de 2001 durante los encuentros prospectivos de la décima a la vigésima sesión de los Coloquios del Siglo XXI, así como en los segundos Diálogos del Siglo XXI, promovidos por la División de Prospectiva, Filosofía y Ciencias Humanas de la...

תיאור מלא

שמור ב:
מידע ביבליוגרפי
Autores corporativos: Coloquios del Siglo XXI ( UNESCO), Diálogos del Siglo XXI
מחברים אחרים: Bindé, Jérôme (dirección) (dirección), Ridao, José María (prólogo) (prólogo), Matsuura, Koïchiro (prólogo) (prólogo)
פורמט: Procedimiento de la conferencia ספר
שפה:ספרדית
יצא לאור: París, Francia : Barcelona, España : UNESCO ; Icaria, 2005, c2005
סדרה:(La Biblioteca del Filósofo)
נושאים:
תגים: הוספת תג
אין תגיות, היה/י הראשונ/ה לתייג את הרשומה!

MARC

LEADER 00000nam^a2200000^a^4500
001 000192858
005 20250521000000.0
005 20250521000000.0
009 20260310102623.124
020 |a 84-95584-26-3 
020 |a 84-7426-816-8 
037 |a Acervo ITESO - Biblioteca 
041 |a ESP 
082 |a 121. 8  |b COL 
111 |a Coloquios del Siglo XXI (  |d 2001 :  |c UNESCO) 
240 1 1 |a [¿A dónde van los valores: Coloquios del siglo XXI] 
245 1 0 |a ¿A dónde van los valores? :  |b Coloquios del Siglo XXI /  |c Dir. e introd. de J. Bindé ; pról. de J.M. Ridao, K. Matsuura. 
264 4 |a París, Francia :  |b UNESCO ;  |a Barcelona, España :  |b Icaria,  |c 2005, c2005 
300 |a 439 p. 
336 |a texto  |b txt  |2 rdacontenido 
337 |a sin mediación  |b n  |2 rdamedio 
338 |a volumen  |b nc  |2 rdasoporte 
440 4 |a (La Biblioteca del Filósofo) 
500 |a Traducción de: Où vont les valeurs? Entretiens du XXIe siècle 
520 |a Obra que reúne las reflexiones que se presentaron en septiembre de 2001 durante los encuentros prospectivos de la décima a la vigésima sesión de los Coloquios del Siglo XXI, así como en los segundos Diálogos del Siglo XXI, promovidos por la División de Prospectiva, Filosofía y Ciencias Humanas de la UNESCO. Allí más de una veintena de autores abordaron la situación de los valores en la sociedad y en las ciencias, su prospectiva e impacto en la sociedad. 
649 |a XX 
650 |a Valores 
650 |a Filosofía del Siglo XXI 
650 |a Estética 
650 |a Alma y Cuerpo 
650 |a Axiología -  |x Tema Principal 
650 |a Diversidad Cultural 
650 |a Feminismo 
650 |a Humanismo 
650 |a Genética 
650 |a Biodiversidad 
650 |a Bioética 
650 |a Etica 
650 |a Ciencia 
650 |a Racismo 
650 |a Religión 
650 |a Modernidad y Posmodernidad 
650 |a Tecnologías de Comunicación e Información 
650 |a Cultura 
650 |a Contrato Social 
650 |a Globalización 
711 |a Diálogos del Siglo XXI (  |d 2001 :  |c UNESCO) 
700 |a Bindé, Jérôme  |e (dirección) 
700 |a Ridao, José María  |e (prólogo) 
700 |a Matsuura, Koïchiro  |e (prólogo) 
910 |a Fondo General 
920 |a Impresos - Libros 
930 |a Colección General 
905 |a 101 
901 |a 0500137002  |b IT1  |c ACC  |u 20250521 
902 |a https://opac.biblio.iteso.mx/vufind/Record/000192858